| 000 | 00423nam a22001577a 4500 | ||
|---|---|---|---|
| 003 | NUST | ||
| 020 | _a 9787119114804 | ||
| 038 | _akhadija | ||
| 082 |
_a338.9 _bZHO |
||
| 100 |
_aZhongjie , Li _986530 |
||
| 245 |
_aChina's national development strategies : Understanding China / _cLi Zhongjie |
||
| 260 |
_aChina _bForeign Languages Press _c2019 |
||
| 300 | _axxii, 627 pages ; 24 cm | ||
| 563 | _aHB | ||
| 942 |
_2ddc _cBK |
||
| 999 |
_c587375 _d587375 |
||